| 000 | 01092cab a2200325 4500 | ||
|---|---|---|---|
| 001 | ABS50525 | ||
| 008 | 090401t1994 xxu||||| |||| 00| 0 eng d | ||
| 035 | _a(Sirsi) u76333 | ||
| 041 | _aeng | ||
| 100 | _aPowell-Smith, V. | ||
| 245 | _aEngineers in the firing line | ||
| 260 | _c1994 | ||
| 350 | _a0 | ||
| 490 |
_aContract Journal _v373(5971) 21 April 1994, 11(1) |
||
| 520 | _aExamines the decision in "Patrick Conway v Crowe-Kelsey & Partners" 1994 a negligence claim against consulting engineers and the issue of concurrent liability in contract and tort. | ||
| 650 | _aBELL V PETER BROWNE | ||
| 650 | _aCONCURRENT LIABILITY | ||
| 650 | _aCONSULTING ENGINEERS | ||
| 650 | _aCONTRACT | ||
| 650 | _aHEDLEY BYRNE V HELLER | ||
| 650 | _aHIRONS V PYNFORD (SOUTH) LTD | ||
| 650 | _aLIABILITY | ||
| 650 | _aMIDLAND BANK LTD V HETT STUBBS & KEMP | ||
| 650 | _aNEGLIGENCE | ||
| 650 | _aPIRELLI GENERAL CABLE WORKS LTD V OSCAR FABER & PARTNERS | ||
| 650 | _aTORT | ||
| 690 | _aMANAGEMENT-BUSINESS MANAGEMENT-PROFESSIONAL PRACTICE | ||
| 942 | _n0 | ||
| 948 | _c04/03/1997 | ||
| 999 |
_c48030 _d48030 |
||